Gemeinden im Mühlviertel - Statistiken

Allgemein
  • Dieses Quiz wurde 42 mal gespielt
  • Das Durchschnittsergebnis liegt bei 63 aus 117
Antwortstatistiken
Bezirk Gemeinde % Korrekt
Urfahr Umgebung Bad Leonfelden
89%
Freistadt Freistadt
83%
Perg Perg
83%
Urfahr Umgebung Puchenau
83%
Urfahr Umgebung Gramastetten
78%
Freistadt Bad Zell
72%
Urfahr Umgebung Goldwörth
72%
Perg Grein
72%
Urfahr Umgebung Walding
72%
Rohrbach Aigen
67%
Rohrbach Altenfelden
67%
Rohrbach Arnreit
67%
Urfahr Umgebung Engerwitzdorf
67%
Urfahr Umgebung Feldkirchen an der Donau
67%
Urfahr Umgebung Gallneukirchen
67%
Rohrbach Haslach an der Mühl
67%
Freistadt Königswiesen
67%
Rohrbach Lembach im Mühlkreis
67%
Perg Mauthausen
67%
Rohrbach Neufelden
67%
Urfahr Umgebung Reichenau im Mühlkreis
67%
Freistadt Sandl
67%
Rohrbach Sankt Oswald bei Haslach
67%
Freistadt St. Oswald bei Freistadt
67%
Freistadt Unterweißenbach
67%
Urfahr Umgebung Alberndorf in der Riedmark
61%
Perg Allerheiligen im Mühlkreis
61%
Urfahr Umgebung
Altenberg bei Linz
61%
Urfahr Umgebung Eidenberg
61%
Urfahr Umgebung Hellmonsödt
61%
Rohrbach Klaffer am Hochficht
61%
Perg Klam
61%
Freistadt Liebenau
61%
Urfahr Umgebung Ottensheim
61%
Freistadt Pregarten
61%
Rohrbach Rohrbach-Berg
61%
Rohrbach Sankt Martin im Mühlkreis
61%
Rohrbach Sankt Peter am Wimberg
61%
Freistadt Schönau im Mühlkreis
61%
Rohrbach Schwarzenberg am Böhmerwald
61%
Rohrbach St. Stefan-Afiesl
61%
Freistadt Unterweitersdorf
61%
Urfahr Umgebung Vorderweißenbach
61%
Freistadt Gutau
56%
Rohrbach Helfenberg
56%
Urfahr Umgebung Herzogsdorf
56%
Perg Katsdorf
56%
Freistadt Kefermarkt
56%
Rohrbach Kleinzell im Mühlkreis
56%
Urfahr Umgebung Lichtenberg
56%
Perg Naarn im Machlande
56%
Freistadt Neumarkt im Mühlkreis
56%
Urfahr Umgebung Oberneukirchen
56%
Rohrbach Sankt Ulrich im Mühlkreis
56%
Perg Saxen
56%
Urfahr Umgebung Schenkenfelden
56%
Perg Schwertberg
56%
Urfahr Umgebung Steyregg
56%
Freistadt St. Leonhard bei Freistadt
56%
Freistadt Tragwein
56%
Rohrbach Ulrichsberg
56%
Perg Windhaag bei Perg
56%
Urfahr Umgebung Zwettl an der Rodl
56%
Freistadt Grünbach
50%
Freistadt Hagenberg im Mühlkreis
50%
Urfahr Umgebung Haibach im Mühlkreis
50%
Rohrbach Kollerschlag
50%
Perg Langenstein
50%
Freistadt Lasberg
50%
Perg Luftenberg an der Donau
50%
Perg Mitterkirchen im Machland
50%
Perg Rechberg
50%
Urfahr Umgebung Reichenthal
50%
Perg Ried in der Riedmark
50%
Urfahr Umgebung Sankt Gotthard im Mühlkreis
50%
Urfahr Umgebung Sonnberg im Mühlkreis
50%
Perg St. Georgen am Walde
50%
Perg St. Georgen an der Gusen
50%
Perg St. Thomas am Blasenstein
50%
Freistadt Waldburg
50%
Perg Waldhausen im Strudengau
50%
Freistadt Wartberg ob der Aist
50%
Freistadt Weitersfelden
50%
Perg Arbing
44%
Perg Bad Kreuzen
44%
Perg Baumgartenberg
44%
Perg Dimbach
44%
Rohrbach Julbach
44%
Freistadt Kaltenberg
44%
Urfahr Umgebung Kirchschlag bei Linz
44%
Freistadt Leopoldschlag
44%
Rohrbach Neustift im Mühlkreis
44%
Rohrbach Niederkappel
44%
Rohrbach Oberkappel
44%
Urfahr Umgebung Ottenschlag im Mühlkreis
44%
Perg Pabneukirchen
44%
Freistadt Pierbach
44%
Freistadt Rainbach im Mühlkreis
44%
Perg St. Nikola an der Donau
44%
Freistadt Hirschbach im Mühlkreis
39%
Rohrbach Lichtenau im Mühlkreis
39%
Perg Münzbach
39%
Rohrbach Niederwaldkirchen
39%
Rohrbach Putzleinsdorf
39%
Rohrbach Sankt Johann am Wimberg
39%
Rohrbach Sarleinsbach
39%
Rohrbach Hofkirchen im Mühlkreis
33%
Rohrbach Peilstein im Mühlviertel
33%
Rohrbach Pfarrkirchen im Mühlkreis
33%
Rohrbach Atzesberg
28%
Rohrbach Auberg
28%
Rohrbach Hörbich
28%
Rohrbach Kirchberg ob der Donau
28%
Rohrbach Nebelberg
28%
Rohrbach Oepping
28%
Rohrbach Sankt Veit im Mühlkreis
28%
Freistadt Windhaag bei Freistadt
28%
Keine übereinstimmenden Quizze gefunden
Verteilung der Resultate
Anzahl Personen mit jedem Resultat
Perzentil nach korrekt beantworteten Fragen
Ihre Resultats-Entwicklung
Sie haben dieses Quiz noch nicht gespielt